LEADER 00950nam a2200241 i 4500 001 000000143210 003 CaOOAMICUS 005 20100928000000.0 008 100928s1959 it u000 u ita u 013 $a118568 040 $aSeMil$bita 100 1 $aBrecht, Bertolt,$d<1898-1956>.$0(OLS)http://semarc/name/2595 240 14$aDie Geschäfte des Herrn Julius Caesar.$0(OLS)http://semarc/title/235731 245 14$aGli affari del signor Giulio Cesare /$cBertolt Brecht. 260 $aTorino :$bEinaudi,$ccopyr. 1959. 300 $a206 p. ;$c22 cm. 490 0 $aBiblioteca giovane ;$v5 830 0$aBiblioteca giovane ;$v5.$0(OLS)http://semarc/title/14506 850 $aSeMil 852 $aSeMil$W1$xVenegono$y1$m1F V 23$j96337$B96337$CSeMilBibl$Z2$F154823 $81 961 $aOmaggio: Altro 996 $6245$aGli affari del signor Giulio Cesare$9(OLS)http://semarc/title/209598 996 $6260$aTorino :$bEinaudi$9(OLS)http://semarc/publisher/29884 LEADER 00785nam a2200205 i 4500 001 000000124845 003 CaOOAMICUS 005 20040331000000.0 008 040331s1951 be u000 u mul u 013 $a97542 040 $aSeMil$bita 245 10$aTome 1. 300 $a336 p. 490 0 $aSubsidia hagiographica ;$v27. 700 1 $aPeeters, Paul.$0(OLS)http://semarc/name/5448 773 0 $aPeeters, Paul$tRecherches d'histoire et de philologie orientales.$dBruxelles : Société des Bollandistes, 1951.$kSubsidia hagiographica$gTome1$w()11301 830 0$aSubsidia hagiographica ;$v27.$0(OLS)http://semarc/title/570 850 $aSeMil 852 $aSeMil$W1$xVenegono$y1$mSL1.S II 27/1$j79360$B79360$CSeMilBibl$Z2$F81526 $8I 996 $6245$aTome 1$9(OLS)http://semarc/title/1447